Statistiques concernant Présidents de France par Images

Cliquez ici pour prendre le quiz!

Statistiques générales

  • Ce quiz a été pris 4,019 fois
    (3,819 depuis la dernière actualisation)
  • Le résultat moyen est 11 sur 25

Statistiques - réponses

Answer % Correct
Jacques Chirac
98%
François Hollande
93%
Emmanuel Macron
92%
Nicolas Sarkozy
89%
Valéry Giscard d'Estaing
86%
François Mitterrand
85%
Charles de Gaulle
85%
Georges Pompidou
73%
Louis-Napoléon Bonaparte
52%
René Coty
43%
Vincent Auriol
32%
Adolphe Thiers
31%
Raymond Poincaré
27%
Patrice de MacMahon
26%
François Sadi Carnot
25%
Félix Faure
25%
Paul Doumer
25%
Albert Lebrun
23%
Gaston Doumergue
23%
Paul Deschanel
22%
Jules Grévy
21%
Alexandre Millerand
21%
Armand Fallières
18%
Émile Loubet
17%
Jean Casimir-Perier
16%

Distribution des résultats

Percentile par nombre de réponses

% des personnes avec chaque résultat

Votre développement - résultats

Vous n’avez pas pris ce quiz depuis la dernière actualisation